000 00534nam a22001337a 4500
005 20250801162549.0
008 240910b ||||| |||| 00| 0 eng d
100 _aVentura, Elmer Z.
_eauthor.
_960472
245 _aSchool-based practices on water, sanitation, and hygiene on improving students health outcomes /
_cElmer Z. Ventura.
260 _aPhilippines;
_bPublishers Association of the Philippines, Inc.,
_cSeptember 2019.
300 _aVolume 168, pages 144.
700 _aVentura, Elmer Z.
_eauthor.
_960472
942 _2ddc
_cPER
999 _c21428
_d21428